[Event "Ajedrez Latino"]
[Site "SchemingMind.com"]
[Date "2007.10.31"]
[Round "-"]
[White "roboam"]
[Black "Schaakmaatje"]
[Result "1/2-1/2"]
[WhiteCountry "ESP"]
[BlackCountry "NED"]
[WhiteElo "1688"]
[WhiteRD "117"]
[BlackElo "1755"]
[BlackRD "48"]
[GameID "127055"]

1. e4 c5 2. Nf3 d6 3. d4 cxd4 4. Nxd4 g6 5. Bd2 Nf6 6. Nc3 Bg7 7. Qc1 Nxe4 8. Nxe4 Bxd4 9. Bc3 Bxc3+ 10. Nxc3 a6
11. Bc4 Nc6 12. O-O O-O 13. Re1 Ne5 14. Be2 b5 15. f4 Qb6+ 16. Kf1 Nc6 17. Bf3 Bb7 18. Nd5 Qd8 19. Nxe7+ Nxe7 20. Bxb7 Ra7
21. Bf3 Nf5 22. Bg4 Qf6 23. Bxf5 Qxf5 24. Qe3 Raa8 25. Qe4 Qc5 26. c3 d5 27. Qe3 Qc4+ 28. Kg1 Qc6 29. Rad1 Rfe8 30. Qd2 Rxe1+
31. Rxe1 Re8 32. Rxe8+ Qxe8 33. Kf1 Qe4=
1/2-1/2

[Event "Ajedrez Latino"]
[Site "SchemingMind.com"]
[Date "2007.11.01"]
[Round "-"]
[White "Dr_Pat"]
[Black "jtrochez1"]
[Result "0-1"]
[WhiteCountry "USA"]
[BlackCountry "HON"]
[WhiteElo "1497"]
[WhiteRD "44"]
[BlackElo "1500"]
[BlackRD "47"]
[GameID "127134"]

1. d4 d5 2. c4 c6 3. Nc3 e6 4. Nf3 Bd6 5. e3 Nf6 6. Bd3 Nbd7 7. O-O h6 8. c5 Bc7 9. e4 dxe4 10. Nxe4 e5
11. Nxe5 Nxe5 12. dxe5 Bxe5 13. Re1 O-O 14. Nd6 Bxd6 15. cxd6 Re8 16. Bf4 Be6 17. Qf3 Bg4 18. Qg3 Qd7 19. Bc2 Nh5 20. Qd3 Nf6
21. Be5 Rxe5 22. Rxe5 Bh5 23. Rae1 Bg6 24. Qd2 Bxc2 25. Qxc2 Qxd6 26. h3 Rd8 27. Re7 Qb4 28. a3 Qb6 29. R1e3 Kf8 30. Qc4 Nd5
0-1

[Event "Ajedrez Latino"]
[Site "SchemingMind.com"]
[Date "2007.11.01"]
[Round "-"]
[White "Dr_Pat"]
[Black "XTC"]
[Result "1-0"]
[WhiteCountry "USA"]
[BlackCountry "COL"]
[WhiteElo "1722"]
[WhiteRD "54"]
[BlackElo "1646"]
[BlackRD "81"]
[GameID "127135"]

1. d4 d5 2. c4 e6 3. Nc3 Nf6 4. Bg5 Be7 5. Nf3 O-O 6. e3 h6 7. Bxf6 Bxf6 8. Rc1 Nc6 9. cxd5 exd5 10. Qb3 Ne7
11. Be2 c6 12. O-O b6 13. e4 Bb7 14. e5 Bg5 15. Nxg5 hxg5 16. Bd3 g6 17. Ne2 Nf5 18. Bxf5 gxf5 19. Ng3 f4 20. Nh5 g4
21. Nf6+ Kg7 22. Qd3 Rh8 23. Qf5 Bc8 24. Qg5+ Kf8 25. Rxc6 f3 26. Rd6 Qe7 27. Nh7+ Ke8 28. Qg7 Rf8 29. Nf6+ Qxf6 30. exf6
1-0

[Event "Ajedrez Latino"]
[Site "SchemingMind.com"]
[Date "2007.11.02"]
[Round "-"]
[White "Dr_Pat"]
[Black "Archon"]
[Result "0-1"]
[WhiteCountry "USA"]
[BlackCountry "CAN"]
[WhiteElo "1497"]
[WhiteRD "44"]
[BlackElo "1753"]
[BlackRD "50"]
[GameID "127137"]

1. d4 d6 2. e4 Nf6 3. Nc3 g6 4. Nf3 Bg7 5. Be3 O-O 6. Be2 Bg4 7. O-O Bxf3 8. Bxf3 Nc6 9. d5 Nb8 10. Qd2 c6
11. Rac1 cxd5 12. Nxd5 Nxd5 13. exd5 Na6 14. Bd4 Bxd4 15. Qxd4 Nc5 16. b3 a5 17. a4 Rc8 18. Rb1 b6 19. c4 Rb8 20. b4 axb4
21. Rxb4 Ra8 22. Bd1 Ra6 23. Re1 Qc7 24. Qg4 Rfa8 25. Rb2 Nxa4
0-1

[Event "Ajedrez Latino"]
[Site "SchemingMind.com"]
[Date "2007.11.01"]
[Round "-"]
[White "Dr_Pat"]
[Black "Schaakmaatje"]
[Result "0-1"]
[WhiteCountry "USA"]
[BlackCountry "NED"]
[WhiteElo "1543"]
[WhiteRD "50"]
[BlackElo "1859"]
[BlackRD "52"]
[GameID "127138"]

1. d4 d5 2. c4 c6 3. Nc3 Bf5 4. Nf3 h6 5. Bf4 e6 6. e3 Nf6 7. Bd3 Bxd3 8. Qxd3 Bb4 9. a3 dxc4 10. Qxc4 Bxc3+
11. bxc3 Nbd7 12. O-O O-O 13. Ne5 Nxe5 14. Bxe5 Nd5 15. e4 Nb6 16. Qd3 c5 17. Rad1 c4 18. Qg3 Qg5 19. Qxg5 hxg5 20. f4 Na4
21. Rf3 gxf4 22. Bxf4 b5 23. d5 Rfe8 24. d6 Red8
0-1

[Event "Ajedrez Latino"]
[Site "SchemingMind.com"]
[Date "2007.11.01"]
[Round "-"]
[White "Dr_Pat"]
[Black "roboam"]
[Result "0-1"]
[WhiteCountry "USA"]
[BlackCountry "ESP"]
[WhiteElo "1497"]
[WhiteRD "44"]
[BlackElo "1560"]
[BlackRD "152"]
[GameID "127139"]

1. d4 Nf6 2. c4 d5 3. Nc3 e6 4. Bg5 dxc4 5. e4 Be7 6. Bxc4 O-O 7. Nf3 Nc6 8. O-O h6 9. Bxf6 Bxf6 10. e5 Be7
11. Qc2 Nxd4 12. Nxd4 Qxd4 13. Bd3 Qxe5 14. Rfe1 Qg5 15. Ne2 e5 16. Ng3 c6 17. Rad1 Be6 18. Ne4 Qg4 19. h3 Qg6 20. Nd6 Qg5
21. Nxb7 Bxh3 22. g3 Qf6 23. Na5 Bb4
0-1

[Event "Ajedrez Latino"]
[Site "SchemingMind.com"]
[Date "2007.11.01"]
[Round "-"]
[White "jtrochez1"]
[Black "Dr_Pat"]
[Result "0-1"]
[WhiteCountry "HON"]
[BlackCountry "USA"]
[WhiteElo "1500"]
[WhiteRD "47"]
[BlackElo "1497"]
[BlackRD "44"]
[GameID "127141"]

1. e4 Nf6 2. e5 Nd5 3. d4 d6 4. exd6 cxd6 5. c4 Nb6 6. Be2 g6 7. Nf3 Bg7 8. d5 N8d7 9. Nc3 Qc7 10. Qb3 O-O
11. O-O Nc5 12. Qc2 Bf5 13. Qd2 Ne4 14. Nxe4 Bxe4 15. Qa5 Nxd5 16. Qxc7 Nxc7 17. a4 Ne6 18. Ra3 Rac8 19. b4 Bxf3 20. Bxf3 Rxc4
21. b5 Rfc8 22. Be3 Bd4 23. g3 Bxe3 24. fxe3 b6 25. Raa1 Nc5 26. Bc6 Nb3 27. Rad1 Rxa4 28. Bd5 Rb4 29. Bxf7+ Kg7 30. Be6 Rf8
31. Rxf8 Kxf8 32. Bd7 Kg7 33. Kf2 Kf6 34. Kf3 Ke5 35. Bc6 e6 36. h3 Na5 37. Rc1 Rc4 38. Rxc4 Nxc4 39. Ke2 d5 40. h4 Ke4
41. Bd7 e5 42. g4 Nxe3 43. Kd2 d4 44. h5 gxh5 45. gxh5 Nf5
0-1

[Event "Ajedrez Latino"]
[Site "SchemingMind.com"]
[Date "2007.11.01"]
[Round "-"]
[White "XTC"]
[Black "Dr_Pat"]
[Result "0-1"]
[WhiteCountry "COL"]
[BlackCountry "USA"]
[WhiteElo "1646"]
[WhiteRD "81"]
[BlackElo "1722"]
[BlackRD "54"]
[GameID "127142"]

1. e4 Nf6 2. e5 Nd5 3. d4 d6 4. Nf3 Bg4 5. c4 Nb6 6. Be2 e6 7. b3 dxe5 8. dxe5 Qxd1+ 9. Bxd1 Bb4+ 10. Bd2 Bxd2+
11. Nbxd2 O-O 12. O-O Rd8 13. h3 Bf5 14. Be2 Nc6 15. a3 Nxe5 16. Nxe5 Rxd2 17. Bf3 c6 18. c5 Nd7 19. Nxd7 Rxd7 20. Rfd1 Rad8
21. Rxd7 Rxd7 22. b4 Kf8 23. Re1 Rd3 24. Re3 Ke7 25. Rxd3 Bxd3 26. g4 Kf6 27. Bd1 Ke5 28. f3 Kd4 29. Kf2 Kc3 30. Ke3 g5
31. f4 h6 32. fxg5 hxg5 33. Be2 Bxe2 34. Kxe2 Kb3 35. Kd3 e5
0-1

[Event "Ajedrez Latino"]
[Site "SchemingMind.com"]
[Date "2007.11.01"]
[Round "-"]
[White "Archon"]
[Black "Dr_Pat"]
[Result "1-0"]
[WhiteCountry "CAN"]
[BlackCountry "USA"]
[WhiteElo "1753"]
[WhiteRD "50"]
[BlackElo "1497"]
[BlackRD "44"]
[GameID "127144"]

1. Nf3 d5 2. c4 c6 3. g3 Nf6 4. Bg2 dxc4 5. Qc2 Be6 6. Ng5 Bd5 7. e4 h6 8. Nh3 Be6 9. Nf4 Bg4 10. a4 e5
11. Ne2 Qd3 12. Qxd3 cxd3 13. Nec3 Nbd7 14. b3 Nc5 15. Ba3 Nxb3 16. Bxf8 Nxa1 17. Bxg7 Nc2+ 18. Kf1 Rg8 19. Bxf6 Rg6 20. Bxe5 Re6
21. Bf4 O-O-O 22. f3 Bh5 23. Kf2 Nd4 24. Na3 f5 25. Re1 fxe4 26. Rxe4 Rxe4 27. Nxe4
1-0

[Event "Ajedrez Latino"]
[Site "SchemingMind.com"]
[Date "2007.11.01"]
[Round "-"]
[White "Schaakmaatje"]
[Black "Dr_Pat"]
[Result "1-0"]
[WhiteCountry "NED"]
[BlackCountry "USA"]
[WhiteElo "1859"]
[WhiteRD "52"]
[BlackElo "1543"]
[BlackRD "50"]
[GameID "127145"]

1. e4 Nf6 2. f3 e5 3. Bc4 Bc5 4. Ne2 c6 5. d4 exd4 6. Nxd4 d5 7. exd5 Nxd5 8. Bxd5 Qxd5 9. c3 O-O 10. O-O Nd7
11. Kh1 Nf6 12. Nb3 Qxd1 13. Rxd1 Bb6 14. Na3 Be6 15. Nd4 Bxd4 16. Rxd4 Rad8 17. Be3 Rxd4 18. Bxd4 Nd5 19. Nc2 Bf5 20. Rc1 Re8
21. h3 Bxc2 22. Rxc2 Ne3 23. Re2
1-0

[Event "Ajedrez Latino"]
[Site "SchemingMind.com"]
[Date "2007.11.01"]
[Round "-"]
[White "roboam"]
[Black "Dr_Pat"]
[Result "1-0"]
[WhiteCountry "ESP"]
[BlackCountry "USA"]
[WhiteElo "1560"]
[WhiteRD "152"]
[BlackElo "1497"]
[BlackRD "44"]
[GameID "127146"]

1. e4 Nf6 2. e5 Nd5 3. d4 d6 4. c4 Nb6 5. Nf3 Bg4 6. h3 Bxf3 7. Qxf3 Nc6 8. Qe3 g6 9. Nc3 Bg7 10. f4 O-O
11. Be2 Nb4 12. Qd2 dxe5 13. fxe5 c5 14. dxc5 Qxd2+ 15. Bxd2 Nc2+ 16. Kf2 Nxc4 17. Bxc4 Nxa1 18. Rxa1 Bxe5 19. Bd5
1-0

[Event "Ajedrez Latino"]
[Site "SchemingMind.com"]
[Date "2007.11.01"]
[Round "-"]
[White "Kroll"]
[Black "jtrochez1"]
[Result "1-0"]
[WhiteCountry "POL"]
[BlackCountry "HON"]
[WhiteElo "1731"]
[WhiteRD "80"]
[BlackElo "1500"]
[BlackRD "47"]
[GameID "127228"]

1. d4 d5 2. c4 c6 3. cxd5 cxd5 4. Nf3 e6 5. Nc3 Nc6 6. e3 a6 7. Be2 Bb4 8. Bd2 Nf6 9. a3 Be7 10. O-O O-O
11. Rc1 Bd7 12. Bd3 Ne8 13. Qc2 f5 14. Na4 Nf6 15. Nc5 Bxc5 16. Qxc5 Ne4 17. Bxe4 fxe4 18. Ne1 Rc8 19. Qd6 Qe7 20. Qxe7 Nxe7
21. f3 Bc6 22. Nc2 Bb5 23. Rf2 Bc4 24. fxe4 dxe4 25. a4 Rxf2 26. Kxf2 Rf8+ 27. Kg1 Nc6 28. Nb4 Bd5 29. Nxd5 exd5 30. Rc5 Rf5
31. b4 h5 32. b5 axb5 33. Rxb5 g5 34. Rxb7 g4 35. a5 Rf7 36. a6 Rxb7 37. axb7 Kf7 38. Be1 Ke8 39. Bg3 Kd7 40. b8=Q Nxb8
41. Bxb8 Kc6 42. Kf2 h4 43. Bf4 Kb5 44. Bg5 h3 45. gxh3 gxh3 46. Kg3 Kc6 47. Kxh3 Kd7 48. Kg4
1-0

[Event "Ajedrez Latino"]
[Site "SchemingMind.com"]
[Date "2007.11.03"]
[Round "-"]
[White "Kroll"]
[Black "XTC"]
[Result "1-0"]
[WhiteCountry "POL"]
[BlackCountry "COL"]
[WhiteElo "1956"]
[WhiteRD "63"]
[BlackElo "1646"]
[BlackRD "81"]
[GameID "127229"]

1. d4 Nf6 2. c4 g6 3. Nc3 Bg7 4. Nf3 O-O 5. Bf4 d5 6. e3 Bg4 7. Be2 c6 8. O-O Bxf3 9. gxf3 Nbd7 10. cxd5 Nxd5
11. Nxd5 cxd5 12. Rc1 Rc8 13. Qb3 Nb6 14. Rfd1 Rxc1 15. Rxc1 e6 16. Bc7 Qc8 17. Rc2 Qa8 18. Bxb6 axb6 19. a3 Qa5 20. Qb5 Rb8
21. Kg2 h5 22. Rc7 Bf6 23. Qd7 Rf8 24. Rxb7 Qd2 25. Qb5 Bd8 26. b4 f5 27. Qd7
1-0

[Event "Ajedrez Latino"]
[Site "SchemingMind.com"]
[Date "2007.11.01"]
[Round "-"]
[White "Kroll"]
[Black "Dr_Pat"]
[Result "1-0"]
[WhiteCountry "POL"]
[BlackCountry "USA"]
[WhiteElo "1731"]
[WhiteRD "80"]
[BlackElo "1497"]
[BlackRD "44"]
[GameID "127230"]

1. d4 Nf6 2. c4 e6 3. Nc3 Bb4 4. Qc2 d5 5. Bg5 O-O 6. e3 c5 7. a3 Bxc3+ 8. Qxc3 Nc6 9. dxc5 Re8 10. Bxf6 Qxf6
11. Qxf6 gxf6 12. cxd5 exd5 13. Rd1
1-0

[Event "Ajedrez Latino"]
[Site "SchemingMind.com"]
[Date "2007.11.06"]
[Round "-"]
[White "Kroll"]
[Black "Lazaro"]
[Result "1-0"]
[WhiteCountry "POL"]
[BlackCountry "CUB"]
[WhiteElo "1914"]
[WhiteRD "68"]
[BlackElo "1484"]
[BlackRD "56"]
[GameID "127231"]

1. d4 f5 2. e4 fxe4 3. Nc3 Nf6 4. f3 exf3 5. Nxf3 e6 6. Bg5 Be7 7. Bd3 O-O 8. O-O d6 9. Qe1 Nc6 10. Qh4 g6
11. Qh6 Rf7 12. Rae1 Ng4 13. Qh4
1-0

[Event "Ajedrez Latino"]
[Site "SchemingMind.com"]
[Date "2007.11.01"]
[Round "-"]
[White "Kroll"]
[Black "Archon"]
[Result "1-0"]
[WhiteCountry "POL"]
[BlackCountry "CAN"]
[WhiteElo "1832"]
[WhiteRD "73"]
[BlackElo "1774"]
[BlackRD "50"]
[GameID "127232"]

1. d4 d6 2. c4 e5 3. dxe5 dxe5 4. Qxd8+ Kxd8 5. Nf3 f6 6. Nc3 Be6 7. e3 c6 8. Be2 Kc7 9. O-O Nd7 10. b3 Nh6
11. e4 Nf7 12. Be3 Bc5 13. Bxc5 Nxc5 14. Rfd1 Rad8 15. h3 Bc8 16. b4 Ne6 17. Rac1 a6 18. a4 a5 19. bxa5 Rd7 20. Rxd7+ Bxd7
21. Nd5+ cxd5 22. cxd5+ Kd6 23. dxe6 Bxe6 24. Bb5 Rc8 25. Rxc8 Bxc8 26. Kf1 Bd7 27. Bxd7 Kxd7 28. Ke2 Kd6 29. Kd3 Kc5 30. Kc3 Nd8
31. Nd2 Nc6 32. Nb3+ Kd6 33. Kc4 Nb8 34. Kb5 Nd7 35. Nd2 Kc7 36. Nc4 Nb8 37. Nb6 Nc6 38. Nd5+ Kb8 39. Kb6 Nd4 40. Nc3 Nb3
41. Nb5 Nd2 42. Nd6 Nb1 43. Nxb7 Nc3 44. Nc5 Nd1 45. a6 Nxf2 46. a7+ Ka8 47. Na6
1-0

[Event "Ajedrez Latino"]
[Site "SchemingMind.com"]
[Date "2007.11.01"]
[Round "-"]
[White "Kroll"]
[Black "Schaakmaatje"]
[Result "1/2-1/2"]
[WhiteCountry "POL"]
[BlackCountry "NED"]
[WhiteElo "1903"]
[WhiteRD "71"]
[BlackElo "1755"]
[BlackRD "48"]
[GameID "127233"]

1. d4 Nf6 2. c4 c5 3. d5 b5 4. cxb5 a6 5. bxa6 Bxa6 6. Nc3 d6 7. e4 Qa5 8. Bd2 Bxf1 9. Kxf1 Qa6+ 10. Qe2 Qb6
11. Bg5 Nbd7 12. Bxf6 Nxf6 13. f3 g6 14. Qb5+ Nd7 15. Qxb6 Nxb6 16. Nb5 Kd7 17. Ne2 Bg7 18. Nec3 Na4 19. Nxa4 Rxa4 20. Nc3 Rb4
21. Nd1 Bxb2 22. Nxb2 Rxb2 23. Kg1 Ra8 24. a3 Ra4 25. h3 Rb3 26. Kf2 Raxa3 27. Rhb1 Kc7 28. Rxb3 Rxb3 29. Ra7+ Rb7 30. Ra2 e6
31. Ke3 h6 32. h4 Rb3+ 33. Ke2 Kb7 34. dxe6 fxe6 35. g4 d5 36. Ra5 Rc3 37. exd5 exd5 38. Rb5+ Kc7 39. Ra5 Kb7=
1/2-1/2

[Event "Ajedrez Latino"]
[Site "SchemingMind.com"]
[Date "2007.11.01"]
[Round "-"]
[White "Kroll"]
[Black "roboam"]
[Result "1/2-1/2"]
[WhiteCountry "POL"]
[BlackCountry "ESP"]
[WhiteElo "1832"]
[WhiteRD "73"]
[BlackElo "1637"]
[BlackRD "125"]
[GameID "127234"]

1. d4 d5 2. c4 e6 3. e3 Nf6 4. Nc3 Bb4 5. Bd2 O-O 6. Nf3 c5 7. a3 Bxc3 8. Bxc3 cxd4 9. Bxd4 Nc6 10. cxd5 Nxd5
11. Be2 Nxd4 12. Qxd4 b6 13. O-O Rb8 14. Ne5 Bb7 15. Rac1 Nf6 16. Rfd1 Qxd4 17. Rxd4 Rbc8 18. Rdc4 Rxc4 19. Rxc4 Ba6 20. Rc2 Bxe2
21. Rxe2 Rd8 22. g3 g6 23. Rc2 Ne4 24. Rc7 Rd2 25. Rxf7 Rxb2 26. Rf4 Nc5 27. Nc4 Ra2 28. Rd4 b5 29. Nd6 Rxa3 30. Nxb5 Ra2
31. Nc3 Ra1+ 32. Kg2 a5 33. Rc4 Nd3 34. Ra4 Rxa4 35. Nxa4 Kf7 36. Kf3 Kf6 37. Ke2 Ne5 38. f4 Nc4 39. Kd3 Nd6 40. e4 e5
41. Nc3 exf4 42. gxf4 Ke6 43. Kd4 h6 44. h4 h5 45. Na4 Nb5+ 46. Kc5 Nd6 47. Kd4=
1/2-1/2

[Event "Ajedrez Latino"]
[Site "SchemingMind.com"]
[Date "2007.11.01"]
[Round "-"]
[White "jtrochez1"]
[Black "Kroll"]
[Result "0-1"]
[WhiteCountry "HON"]
[BlackCountry "POL"]
[WhiteElo "1500"]
[WhiteRD "47"]
[BlackElo "1731"]
[BlackRD "80"]
[GameID "127236"]

1. e4 e6 2. Bc4 d5 3. exd5 exd5 4. Be2 Nf6 5. d4 Bd6 6. Bg5 O-O 7. Nf3 h6 8. Bh4 Bg4 9. Nbd2 Nbd7 10. h3 Bh5
11. O-O g5 12. Bg3 Bxg3 13. fxg3 Bg6 14. Nh2 Qe7 15. c3 Qe3+ 16. Kh1 Qxg3 17. Rf3 Qd6 18. Rf1 Be4 19. Ndf3 Nh5 20. Rf2 Ng3+
21. Kg1 Rae8 22. Bd3 Nf6 23. Qd2 Nfh5 24. Bxe4 Nxe4 25. Qd1 Nxf2 26. Kxf2 Qg3+ 27. Kg1 Nf4 28. Qc2 Re2
0-1

[Event "Ajedrez Latino"]
[Site "SchemingMind.com"]
[Date "2007.11.04"]
[Round "-"]
[White "XTC"]
[Black "Kroll"]
[Result "0-1"]
[WhiteCountry "COL"]
[BlackCountry "POL"]
[WhiteElo "1646"]
[WhiteRD "81"]
[BlackElo "1956"]
[BlackRD "63"]
[GameID "127237"]

1. e4 e6 2. d4 d5 3. Nc3 Nf6 4. Bg5 Be7 5. e5 Nfd7 6. Bxe7 Qxe7 7. Bb5 O-O 8. Bxd7 Nxd7 9. Nf3 b6 10. O-O Ba6
11. Re1 Rac8 12. a3 c5 13. dxc5 Qxc5 14. Qd4 Qxd4 15. Nxd4 Rc4 16. Rad1 Rfc8 17. f4 Nb8 18. g3 Nc6 19. Nxc6 R8xc6 20. Re3 g6
21. Red3 b5 22. Rd4 Rxc3 23. bxc3 Rxc3 24. R4d3 Rxc2 25. Ra1 b4 26. Rd4 b3 27. Rb1 b2 28. Rb4 Rc1+
0-1

[Event "Ajedrez Latino"]
[Site "SchemingMind.com"]
[Date "2007.11.04"]
[Round "-"]
[White "Dr_Pat"]
[Black "Kroll"]
[Result "0-1"]
[WhiteCountry "USA"]
[BlackCountry "POL"]
[WhiteElo "1497"]
[WhiteRD "44"]
[BlackElo "1731"]
[BlackRD "80"]
[GameID "127238"]

1. d4 Nf6 2. c4 e6 3. Nc3 d5 4. Bg5 Be7 5. e3 O-O 6. Bd3 Nbd7 7. Nf3 dxc4 8. Bxc4 Nb6 9. Bd3 Nbd5 10. Nxd5 Nxd5
11. Bxe7 Qxe7 12. Ne5 Qb4+ 13. Qd2 Qxd2+ 14. Kxd2 f6 15. Nc4 b6 16. Rac1 Bb7 17. e4 Nf4 18. g3 Nxd3 19. Kxd3 f5 20. Nd2 fxe4+
21. Nxe4 Rf3+
0-1

[Event "Ajedrez Latino"]
[Site "SchemingMind.com"]
[Date "2007.11.04"]
[Round "-"]
[White "Archon"]
[Black "Kroll"]
[Result "0-1"]
[WhiteCountry "CAN"]
[BlackCountry "POL"]
[WhiteElo "1774"]
[WhiteRD "50"]
[BlackElo "1832"]
[BlackRD "73"]
[GameID "127240"]

1. Nf3 Nf6 2. c4 e6 3. g3 d5 4. Bg2 dxc4 5. Qc2 Be7 6. Na3 Bxa3 7. bxa3 O-O 8. Qxc4 Nc6 9. Rb1 Qd5 10. Qxd5 Nxd5
11. Bb2 b6 12. O-O Ba6 13. d3 Rac8 14. Rfc1 Nce7 15. Ba1 c5 16. Ne5 Rfd8 17. a4 f6 18. Nc4 Bxc4 19. Rxc4 Nc6 20. Rcc1 Ncb4
21. a3 Nc6 22. Kf1 Kf7 23. Ke1 Ke7 24. h4 Kd6 25. e4 Nde7 26. Rd1 Kc7 27. d4 cxd4 28. Rbc1 e5 29. Bh3 Rb8 30. Bf1 Kb7
31. f4 Rbc8 32. Bh3 Rc7 33. Rc2 Na5 34. Rxc7+ Kxc7 35. Rc1+ Kd6 36. Bb2 Nb3 37. Rc2 Nc5 38. a5 Nxe4 39. axb6 axb6 40. fxe5+ fxe5
41. g4 Nd5 42. Bg2 Nc5 43. Rd2 Ne3 44. Bf3 Rf8 45. Be2 Ne4 46. Rd3 Ng2+ 47. Kd1 Nf2+ 48. Kd2 Nxd3 49. Kxd3 Nf4+ 50. Kd2 Nxe2
51. Kxe2 Rf4
0-1

[Event "Ajedrez Latino"]
[Site "SchemingMind.com"]
[Date "2007.11.01"]
[Round "-"]
[White "Schaakmaatje"]
[Black "Kroll"]
[Result "0-1"]
[WhiteCountry "NED"]
[BlackCountry "POL"]
[WhiteElo "1755"]
[WhiteRD "48"]
[BlackElo "1903"]
[BlackRD "71"]
[GameID "127241"]

1. e4 e6 2. Nf3 d5 3. e5 c5 4. b4 cxb4 5. a3 bxa3 6. d4 Nc6 7. Bxa3 Qa5+ 8. c3 b5 9. Qb3 b4 10. Bb2 Qb6
11. Bd3 Rb8 12. O-O bxc3 13. Qxb6 Rxb6 14. Bxc3 Bb4 15. Rc1 Bxc3 16. Rxc3 Bd7 17. Nbd2 Nge7 18. Nb3 Nf5 19. Rac1 O-O 20. Nc5 Be8
21. Bxf5 exf5 22. h3 Nb4 23. Ng5 Na2 24. R3c2 Nxc1 25. Rxc1 h6 26. Nf3 Bb5 27. g4 fxg4 28. hxg4 Be2 29. Nh2 Rc8 30. Re1 Bc4
31. f4 Rb2 32. f5 a5 33. e6 fxe6 34. fxe6 Rf8 35. e7 Re8
0-1

[Event "Ajedrez Latino"]
[Site "SchemingMind.com"]
[Date "2007.11.01"]
[Round "-"]
[White "roboam"]
[Black "Kroll"]
[Result "0-1"]
[WhiteCountry "ESP"]
[BlackCountry "POL"]
[WhiteElo "1560"]
[WhiteRD "152"]
[BlackElo "1731"]
[BlackRD "80"]
[GameID "127242"]

1. e4 e6 2. d4 d5 3. e5 c5 4. c4 dxc4 5. dxc5 Qxd1+ 6. Kxd1 Bxc5 7. f4 b5 8. Nc3 a6 9. a4 b4 10. Ne4 Be7
11. Bxc4 Bb7 12. Be3 Bxe4 13. Nf3 Bxf3+ 14. gxf3 Nc6 15. Rg1 Rd8+ 16. Kc2 a5 17. Rxg7 Nd4+ 18. Bxd4 Rxd4 19. Bb5+ Kf8 20. Rgg1 Rxf4
21. Rgf1 Nh6 22. Rad1 Nf5 23. Rd7 Ne3+ 24. Kd2 Nxf1+ 25. Bxf1 Rxf3 26. Be2 Bg5+ 27. Kd1 Rb3 28. Kc2 Rh3 29. Ra7 Rxh2
0-1

[Event "Ajedrez Latino"]
[Site "SchemingMind.com"]
[Date "2007.11.01"]
[Round "-"]
[White "ivan"]
[Black "jtrochez1"]
[Result "1-0"]
[WhiteCountry "CRO"]
[BlackCountry "HON"]
[WhiteElo "1742"]
[WhiteRD "71"]
[BlackElo "1500"]
[BlackRD "47"]
[GameID "127251"]

1. e4 e5 2. Nf3 Nc6 3. Bc4 h6 4. c3 d6 5. h3 Be7 6. d4 Nf6 7. dxe5 Nxe4 8. O-O Nxe5 9. Nxe5 dxe5 10. Qxd8+ Bxd8
11. Re1 Nd6 12. Rxe5+ Be7 13. Bf4 f6 14. Rc5 Nxc4 15. Rxc4 c6 16. Re4 Kf7 17. Nd2 Bf5 18. Ree1 Rae8 19. Nc4 Rd8 20. Rad1 Rxd1
21. Rxd1 Rd8 22. Rxd8 Bxd8 23. Nd6+ Ke6 24. Nxb7 Bb6 25. Nd6 g5 26. Nxf5 Kxf5 27. Bd6 h5 28. Kf1 g4 29. hxg4+ Kxg4 30. f3+ Kg5
31. Ke2 f5 32. Kd3 Bf2 33. Kc4 Kh4 34. Kd3 Kg5 35. a4 h4 36. c4 a6 37. b4 Ba7 38. b5 axb5 39. cxb5 cxb5 40. axb5 Bf2
41. Bc7 Kf6 42. b6 Bxb6 43. Bxb6 Kg6 44. Ke3
1-0

[Event "Ajedrez Latino"]
[Site "SchemingMind.com"]
[Date "2007.11.03"]
[Round "-"]
[White "ivan"]
[Black "XTC"]
[Result "0-1"]
[WhiteCountry "CRO"]
[BlackCountry "COL"]
[WhiteElo "1533"]
[WhiteRD "70"]
[BlackElo "1699"]
[BlackRD "82"]
[GameID "127252"]

1. e4 e5 2. Nf3 Nc6 3. Bb5 a6 4. Bxc6 dxc6 5. Nxe5 Qd4 6. Ng4 Qxe4+ 7. Ne3 Bc5 8. O-O Bxe3 9. fxe3 Bg4 10. Qe1 Nf6
11. Nc3 Qxc2 12. Qf2 Be6 13. d4 Qxf2+ 14. Rxf2 Nd5 15. Nxd5 cxd5 16. Bd2 c6 17. Re1 O-O 18. Ref1 f6 19. Bb4 Rfe8 20. Bc5 b5
21. Rc1 Bf7 22. Rfc2 Rec8 23. Bb4 Be8 24. h3 g5 25. g4 h5 26. Rf1 hxg4 27. hxg4 Bg6 28. Rcf2 Bd3 29. Rc1 Kf7 30. Kg2 a5
31. Bc5 Re8 32. Re1 Be4+ 33. Kg3 Rab8 34. Ref1 Re6 35. Rh2 Bd3 36. Rff2 Rxe3+ 37. Rf3 Rxf3+ 38. Kg2 Re3 39. Kf2 Re2+ 40. Kg3 Rxh2
41. Kxh2 Re8 42. a3 Re2+
0-1

[Event "Ajedrez Latino"]
[Site "SchemingMind.com"]
[Date "2007.11.01"]
[Round "-"]
[White "ivan"]
[Black "Dr_Pat"]
[Result "1-0"]
[WhiteCountry "CRO"]
[BlackCountry "USA"]
[WhiteElo "1742"]
[WhiteRD "71"]
[BlackElo "1497"]
[BlackRD "44"]
[GameID "127253"]

1. e4 Nf6 2. e5 Nd5 3. d4 d6 4. Nf3 Bg4 5. h3 Bxf3 6. Qxf3 e6 7. Bc4 c6 8. O-O Be7 9. Bxd5 exd5 10. Re1 O-O
11. exd6 Bxd6 12. Bf4 Bxf4 13. Qxf4 Nd7 14. Nd2 Nf6 15. c3 Re8 16. Nb3 b6 17. a4 Ne4 18. f3 Qd6 19. Rxe4
1-0

[Event "Ajedrez Latino"]
[Site "SchemingMind.com"]
[Date "2007.11.02"]
[Round "-"]
[White "ivan"]
[Black "Archon"]
[Result "1-0"]
[WhiteCountry "CRO"]
[BlackCountry "CAN"]
[WhiteElo "1714"]
[WhiteRD "69"]
[BlackElo "1790"]
[BlackRD "54"]
[GameID "127255"]

1. e4 d6 2. d4 Nf6 3. Nc3 g6 4. Nf3 Bg7 5. Bg5 O-O 6. Bc4 Bg4 7. O-O Bxf3 8. Qxf3 Nc6 9. Rad1 Qe8 10. Rfe1 Nd7
11. Nd5 Rc8 12. c3 e6 13. Bb5 a6 14. Bxc6 bxc6 15. Ne7+ Kh8 16. Nxc8 Qxc8 17. e5 d5 18. Re3 c5 19. Qf4 cxd4 20. cxd4 c5
21. Rc1 c4 22. b3 Nb6 23. Bf6 Kg8 24. Bg5 Qd7 25. Bf6 a5 26. Rh3 Rc8 27. Bxg7 Kxg7 28. Qh6+ Kg8 29. Qxh7+ Kf8 30. Qh8+
1-0

[Event "Ajedrez Latino"]
[Site "SchemingMind.com"]
[Date "2007.11.01"]
[Round "-"]
[White "ivan"]
[Black "Schaakmaatje"]
[Result "0-1"]
[WhiteCountry "CRO"]
[BlackCountry "NED"]
[WhiteElo "1642"]
[WhiteRD "68"]
[BlackElo "1739"]
[BlackRD "49"]
[GameID "127256"]

1. e4 e5 2. Nf3 Nc6 3. Bc4 Nf6 4. O-O Be7 5. Re1 O-O 6. c3 Na5 7. Bb3 Nxb3 8. Qxb3 d6 9. h3 c6 10. d4 a5
11. Bg5 h6 12. Bh4 Nh7 13. Bxe7 Qxe7 14. Nbd2 Kh8 15. Nc4 b5 16. Nb6 Rb8 17. Nxc8 Rbxc8 18. Qa3 exd4 19. cxd4 Nf6 20. e5 Nd5
21. exd6 Qd7 22. Ne5 Qd8 23. Qg3 Nb6 24. b3 Nd5 25. Rac1 Qg5 26. Qxg5 hxg5 27. Nxc6 Nf4 28. Re3 Kh7 29. d7 Rc7 30. Re8 Rxd7
31. Rxf8 Ne2+ 32. Kf1 Nxc1 33. Nxa5 Rxd4 34. Rxf7 Rd1#
0-1

[Event "Ajedrez Latino"]
[Site "SchemingMind.com"]
[Date "2007.11.04"]
[Round "-"]
[White "ivan"]
[Black "Kroll"]
[Result "0-1"]
[WhiteCountry "CRO"]
[BlackCountry "POL"]
[WhiteElo "1698"]
[WhiteRD "72"]
[BlackElo "1903"]
[BlackRD "71"]
[GameID "127257"]

1. e4 e6 2. d4 d5 3. Nc3 Nf6 4. e5 Nfd7 5. Bb5 a6 6. Ba4 b5 7. Bb3 c5 8. a4 c4 9. Ba2 b4 10. Nce2 Qa5
11. c3 b3 12. Bb1 Nb6 13. Nf3 Nxa4 14. O-O Qb5 15. Ng5 h6 16. Nf3 Nb6 17. Bf4 Nc6 18. Re1 a5 19. Qd2 a4 20. h3 a3
21. bxa3 Rxa3 22. Rxa3 Bxa3 23. Ba2 bxa2 24. Qxa2 Qb3 25. Qd2 Qb2 26. Qxb2 Bxb2 27. Rb1 Na4 28. Bc1 Bxc1 29. Rxc1 Na5 30. Kf1 Nb3
31. Rb1 Bd7
0-1